skbl

Dr Suryya Kumar Bhuyan Library Web-OPAC
ডঃ সূৰ্য্য
কুমাৰ ভূঞা পুথিভঁৰাল ৱেব-অ'পেক

All Research Scholars are advised to clear the annual library fees to continue using Library Resources, Remote Access, Plagiarism Test and Library Clearance.

Cotton University Book Fair 2026

The Indian Fiscal Problem / (Record no. 23285)

MARC details
000 -LEADER
fixed length control field 00713nam a2200277Ia 4500
001 - CONTROL NUMBER
control field 23303
005 - DATE AND TIME OF LATEST TRANSACTION
control field 20240114000718.0
007 - PHYSICAL DESCRIPTION FIXED FIELD--GENERAL INFORMATION
fixed length control field ta
008 - FIXED-LENGTH DATA ELEMENTS--GENERAL INFORMATION
fixed length control field 080101s1924 ii g b000 u 465 u
040 ## - CATALOGING SOURCE
Original cataloging agency Cotton College,Assam
041 ## - LANGUAGE CODE
Language code of text/sound track or separate title 465
082 ## - DEWEY DECIMAL CLASSIFICATION NUMBER
Classification number 337.2
Item number C 839 In
100 ## - MAIN ENTRY--PERSONAL NAME
Personal name Coyajee, J.C. .
245 #0 - TITLE STATEMENT
Title The Indian Fiscal Problem /
Statement of responsibility, etc. J.C. Coyajee.
Medium Textual Documents
250 ## - EDITION STATEMENT
Edition statement !st ed. /
260 ## - PUBLICATION, DISTRIBUTION, ETC.
Place of publication, distribution, etc. Patna :
Name of publisher, distributor, etc. Patna University ,
Date of publication, distribution, etc. 1924.
300 ## - PHYSICAL DESCRIPTION
Extent 178p. ;
Dimensions 22cm
Accompanying material 23cm.
653 ## - INDEX TERM--UNCONTROLLED
Uncontrolled term Economics
653 ## - INDEX TERM--UNCONTROLLED
Uncontrolled term G-Economics
653 ## - INDEX TERM--UNCONTROLLED
Uncontrolled term Indian Economy
653 ## - INDEX TERM--UNCONTROLLED
Uncontrolled term Public Finance
653 ## - INDEX TERM--UNCONTROLLED
Uncontrolled term Fiscal Policy
942 ## - ADDED ENTRY ELEMENTS (KOHA)
Source of classification or shelving scheme Dewey Decimal Classification
Koha item type Books
Holdings
Withdrawn status Lost status Damaged status Not for loan Home library Current library Date acquired Coded location qualifier Total checkouts Full call number Barcode Date last seen Copy number Price effective from Koha item type
        Dr. Suryya Kumar Bhuyan Library Dr. Suryya Kumar Bhuyan Library 01/02/2012 00000   337.2 C 839 In 903.18 14/01/2024 1 01/02/2012 Books

Designed and Maintained by Team SKBL
©1901-2026

Powered by Koha